Fungal biotransformation of 6-nitrochrysene /
محفوظ في:
| مؤلفون آخرون: | , , , |
|---|---|
| التنسيق: | مقال |
| اللغة: | English |
| الموضوعات: | |
| الوسوم: |
إضافة وسم
لا توجد وسوم, كن أول من يضع وسما على هذه التسجيلة!
|
| Thư viện lưu trữ: | Thư viện Trường Đại học Đà Lạt |
|---|
| LEADER | 00956nam a2200325 4500 | ||
|---|---|---|---|
| 001 | DLU090091681 | ||
| 005 | ##20091201 | ||
| 040 | # | # | |a DLU |b eng |
| 041 | # | # | |a eng |
| 044 | # | # | |a us |
| 245 | # | # | |a Fungal biotransformation of 6-nitrochrysene / |c Jairaj V. Pothuluri ... [et al.]. |
| 653 | # | # | |a Biotransformation |
| 653 | # | # | |a Hydrocarbon |
| 653 | # | # | |a Mutagen |
| 653 | # | # | |a Pollutants |
| 653 | # | # | |a Polycyclic aromatic compounds |
| 700 | # | # | |a Cerniglia, Carl E. |
| 700 | # | # | |a Freeman, James P. |
| 700 | # | # | |a Pothuluri, Jairaj V. |
| 700 | # | # | |a Sutherland, John B. |
| 773 | # | # | |t Applied and Environmental Microbiology |g Vol. 64, no. 8 (August 1998), p. 3106-3109 |
| 920 | # | # | |a Phòng Tạp chí -- Trung tâm Thông tin - Thư viện Trường Đại học Đà Lạt |
| 994 | # | # | |a DLU |
| 900 | # | # | |a True |
| 911 | # | # | |a Trương Bảo Trâm Anh |
| 925 | # | # | |a G |
| 926 | # | # | |a A |
| 927 | # | # | |a BB |
| 980 | # | # | |a Thư viện Trường Đại học Đà Lạt |